Tales from the German, Comprising specimens from the most celebrated authors (Record no. 261301)
[ view plain ]
| 000 -LEADER | |
|---|---|
| fixed length control field | 01900cam a22003493a 4500 |
| 001 - CONTROL NUMBER | |
| control field | 32046 |
| 003 - CONTROL NUMBER IDENTIFIER | |
| control field | PGUSA |
| 005 - DATE AND TIME OF LATEST TRANSACTION | |
| control field | 20140828083708.0 |
| 008 - FIXED-LENGTH DATA ELEMENTS--GENERAL INFORMATION | |
| fixed length control field | 100418s2010||||xxu|||||s|||||000 1 eng d |
| 040 ## - CATALOGING SOURCE | |
| Original cataloging agency | PGUSA |
| Language of cataloging | eng |
| 042 ## - AUTHENTICATION CODE | |
| Authentication code | dc |
| 050 #4 - LIBRARY OF CONGRESS CALL NUMBER | |
| Classification number | PT |
| 245 10 - TITLE STATEMENT | |
| Title | Tales from the German, Comprising specimens from the most celebrated authors |
| Medium | [electronic resource] |
| 260 ## - PUBLICATION, DISTRIBUTION, ETC. (IMPRINT) | |
| Name of publisher, distributor, etc | Project Gutenberg, |
| Date of publication, distribution, etc | 2010 |
| 505 0# - FORMATTED CONTENTS NOTE | |
| Formatted contents note | Libussa, by J. H. Musaeus [i.e. J. K. Musaeus] -- The criminal from lost honour, by Friedrich Schiller -- The cold heart, by Wilhelm Hauff -- The wonders in the Spessart, by Karl Immermann -- Nose, the dwarf, by W. Hauff -- Axel: a tale of the Thirty Years' War, by C. F. Van der Velde -- The sandman, by E. T. W. Hoffmann -- Michael Kohlhaas, by Heinrich von Kleist -- The Klausenburg, by Ludwig Tieck -- The moon, by Jean Paul Friedrich Richter -- The elementary spirit, by E. T. W. Hoffmann -- St. Cecilia; or, The power of music, by H. von Kleist -- The new Paris, by J. W. Goethe -- Ali and Gulhyndi, by A. Oehlenschlaeger -- Alamontade, by Heinrich Zschokke -- The Jesuits' church in G--, by E. T. W. Hoffmann -- The severed hand, by W. Hauff. |
| 506 ## - RESTRICTIONS ON ACCESS NOTE | |
| Terms governing access | Public domain in the USA. |
| 516 ## - TYPE OF COMPUTER FILE OR DATA NOTE | |
| Type of computer file or data note | Electronic text |
| 653 ## - INDEX TERM--UNCONTROLLED | |
| Uncontrolled term | Short stories |
| 653 ## - INDEX TERM--UNCONTROLLED | |
| Uncontrolled term | German fiction -- Translations into English |
| 700 1# - ADDED ENTRY--PERSONAL NAME | |
| Personal name | Schiller, Friedrich, |
| Dates associated with a name | 1759-1805 |
| 700 1# - ADDED ENTRY--PERSONAL NAME | |
| Personal name | Velde, C. F. van der |
| Fuller form of name | (Carl Franz), |
| Dates associated with a name | 1779-1824 |
| 700 1# - ADDED ENTRY--PERSONAL NAME | |
| Personal name | Oxenford, John, |
| Dates associated with a name | 1812-1877 |
| 700 1# - ADDED ENTRY--PERSONAL NAME | |
| Personal name | Hauff, Wilhelm, |
| Dates associated with a name | 1802-1827 |
| 700 1# - ADDED ENTRY--PERSONAL NAME | |
| Personal name | Musäus, Johann Karl August, |
| Dates associated with a name | 1735-1787 |
| 700 1# - ADDED ENTRY--PERSONAL NAME | |
| Personal name | Immermann, Karl Leberecht, |
| Dates associated with a name | 1796-1840 |
| 700 1# - ADDED ENTRY--PERSONAL NAME | |
| Personal name | Kleist, Heinrich von, |
| Dates associated with a name | 1777-1811 |
| 700 1# - ADDED ENTRY--PERSONAL NAME | |
| Personal name | Feiling, C. A. |
| 700 1# - ADDED ENTRY--PERSONAL NAME | |
| Personal name | Hoffmann, E. T. A. |
| Fuller form of name | (Ernst Theodor Amadeus), |
| Dates associated with a name | 1776-1822 |
| 830 #0 - SERIES ADDED ENTRY--UNIFORM TITLE | |
| Uniform title | Project Gutenberg |
| Volume number/sequential designation | 32046 |
| 856 40 - ELECTRONIC LOCATION AND ACCESS | |
| Uniform Resource Identifier | <a href="http://www.gutenberg.org/ebooks/32046">http://www.gutenberg.org/ebooks/32046</a> |
| 942 ## - ADDED ENTRY ELEMENTS (KOHA) | |
| Koha item type | eBooks |
| Withdrawn status | Lost status | Damaged status | Home library | Current library | Date acquired | Total Checkouts | Date last seen | Price effective from | Koha item type |
|---|---|---|---|---|---|---|---|---|---|
| Project Gutenberg | Project Gutenberg | 08/28/2014 | 08/28/2014 | 08/28/2014 | eBooks |